Представление документа в формате MARC21

Поле Инд. ПП Название Значение
Тип записи a
Библиографический уровень b
001 Контрольный номер RU/IS/BASE/349446064
005 Дата корректировки 20210217124915.3
084 a Индекс другой классификации/Индекс ББК 66.1(7США)6; 88.572; 88.74; 66.041.11
097 00 a 730
100 10 a Автор Лассуэлл Г. Д.
245 00 a Заглавие Психопатология и политика
n Номер части/ раздела Гл. 6
p Название части/ раздела Политические агитаторы
c Ответственность предисловие Т. Н. Самсоновой; перевод с английского Н. В. Коротковой, Т. Н. Самсоновой
500 a Примечание Окончание. Начало см.: № 1/2001
504 00 a Библиография Библиогр. ссылки
600 a Персоналии Лассуэлл Гарольд
650 a Основная рубрика история политических учений
a Основная рубрика патопсихология
a Основная рубрика политика
a Основная рубрика политическая психология
a Основная рубрика политология
a Основная рубрика психология
a Основная рубрика социальная психология
653 00 a Ключевые слова XX век
a Ключевые слова политические деятели
a Ключевые слова психология личности
a Ключевые слова развитие личности
a Ключевые слова США
700 10 a Автор Самсонова Т. Н.
e Роль лиц автор предисловия; переводчик
700 a Автор Короткова Н. В.
e Роль лиц переводчик
773 00 t Заглавие источника Вестник Московского университета. Серия 18, Социология и политология
d Дата издания источника 2001
g Прочая информация № 2. - С. 78 - 94
w Контрольный № источника RU/IS/BASE/148578705
901 t Тип документа b